MDQL
is popping MORE tags! Check the
thread
!
Quizzes
Events
Quiz Creation
Community
Videos
Private Events
Remove Ads
Sign In
Join for FREE
Feedback
Dark Mode
Quiz Categories
Sports
Geography
Music
Movies
Television
Just For Fun
Miscellaneous
History
Literature
Language
Science
Gaming
Entertainment
Religion
Holiday
For Kids
Quiz Lab
Recent
Popular Today
Quiz Kudos Today
Editor Picks
Curator Picks
Quizzes by...
Day
Popularity
Type
Ratings
Length
Year
Community
Subscriptions
Recent Discussions
Orange Saloon
Badges
Playlists
Quests
Create
Leaderboards
Showdown
Live 5
Trivia Bingo
Activity
Puzzle Library
Sporcle Events
Private Events
Virtual Trivia
Globe League
Become a Host
Pub Owners
SporcleCon
Opinionation
Our Games
Videos
Blog
Mobile Apps
Partnerships
Remove Ads and Go Orange
Feedback
Entertainment
Celebrity
Famous
Musical
Broadway
Show
Quote
Comic Books
Anime
Superhero
DC Comics
Marvel
Cartoons
Animation
Entertainment
Celebrity
Famous
Musical
Broadway
Show
Quote
Comic Books
Anime
Superhero
DC Comics
Marvel
Cartoons
Animation
Random Quiz
Search Sporcle
×
Quiz Lab
Quiz Lab
Entertainment
Broadway
Type in answers that appear in a list
Type in answers that appear in a list
Classic
Best Score? Go Orange.
Walking by a Wedding - If/Then the Musical Lyrics Stats
Can you name the Walking by a Wedding - If/Then the Musical Lyrics?
By
IdinaFanzel
10m
297 Questions
31 Plays
31 Plays
31 Plays
Comments
Comments
Give Quiz Kudos
Give Quiz Kudos
-
- Ratings
hide this ad
More Info
Replay
Link that replays current quiz
Next Quiz
Link to next quiz in quiz playlist
You Got
0%
They Got
Avg Score
66%
Avg Friend Score
Upgrade to see
Score Distribution
Jump to the score distribution portion of the page
Score
0/297
Timer
10:00
0
Plays Today
Hint
Answer
% Correct
the
100%
and
100%
And
100%
the
100%
the
100%
a
100%
the
100%
a
100%
the
100%
the
100%
the
100%
a
100%
the
100%
And
100%
the
100%
and
100%
the
100%
the
100%
the
100%
the
100%
the
100%
And
100%
And
100%
And
100%
And
100%
the
100%
and
100%
the
100%
a
100%
and
100%
the
100%
a
100%
and
100%
and
100%
and
100%
the
100%
BETH:
Walking
93.5%
by
93.5%
wedding.
93.5%
(Kate and Anne sing before cutting back to Beth)
Walking
93.5%
by
93.5%
wedding.
93.5%
wedding,
93.5%
walking
93.5%
by
93.5%
wedding,
93.5%
walking,
93.5%
walking
93.5%
ENSEMBLE:
All
83.9%
this
83.9%
be
83.9%
this
83.9%
day.
83.9%
On
83.9%
this
83.9%
day.
83.9%
all
83.9%
on
83.9%
this
83.9%
day.
83.9%
On
83.9%
day.
83.9%
be
83.9%
on
83.9%
day
83.9%
this
83.9%
day
83.9%
be
83.9%
This
83.9%
This
83.9%
day.
83.9%
Walking by a wedding
on
83.9%
be
83.9%
day.
83.9%
All
83.9%
all
83.9%
this
83.9%
day.
83.9%
This
83.9%
day!
83.9%
this
83.9%
day.
83.9%
he
80.6%
he
80.6%
her.
80.6%
she
80.6%
her.
80.6%
In
80.6%
in
80.6%
she
80.6%
he
80.6%
in
80.6%
he
80.6%
her.
80.6%
she
80.6%
in.
80.6%
She
80.6%
he
80.6%
her.
80.6%
Hint
Answer
% Correct
in
80.6%
her
80.6%
that
77.4%
All of
that
77.4%
here.
77.4%
so
77.4%
here
77.4%
here
77.4%
so
77.4%
so
77.4%
so
77.4%
so
77.4%
so
77.4%
so
77.4%
that
77.4%
that
77.4%
to
74.2%
Broadway.
74.2%
To
74.2%
Broadway,
74.2%
Oh
74.2%
Oh
74.2%
days
71%
thought
71%
lost
71%
All their
life
71%
they
71%
Lower
71%
afternoon
71%
of
71%
It
71%
You
71%
your
71%
you
71%
your
71%
life
71%
life
71%
do'
71%
do.'
71%
Lower
71%
afternoon
71%
of
71%
time
71%
life.
71%
had
67.7%
them
67.7%
them
67.7%
away.
67.7%
away.
67.7%
fear.
64.5%
all they
cost
64.5%
way
64.5%
way
64.5%
will
64.5%
never
64.5%
will
64.5%
never
64.5%
never
64.5%
will.
64.5%
will
64.5%
never
64.5%
'I
64.5%
'I
64.5%
will
64.5%
never
64.5%
will
64.5%
will
64.5%
way
64.5%
has
61.3%
lead
61.3%
has
61.3%
East
61.3%
near
61.3%
not
61.3%
As
61.3%
as
61.3%
look
61.3%
or
61.3%
as
61.3%
East
61.3%
near
61.3%
summer
61.3%
As
61.3%
(Liz and Josh sing before cutting back to the whole ensemble) ENSEMBLE:
I'm
61.3%
I'm
61.3%
was
61.3%
as
61.3%
All the
nights
58.1%
could
58.1%
quite
58.1%
Who
58.1%
beautiful.
58.1%
beautiful,
58.1%
when
58.1%
you're
58.1%
it's
58.1%
All the
fights
54.8%
brought
54.8%
Summer's
54.8%
Hint
Answer
% Correct
Walking by a wedding
with
54.8%
With
54.8%
must
54.8%
May.
54.8%
may
54.8%
say
54.8%
whispy,
51.6%
bridesmaids.
51.6%
bouquet.
51.6%
church
51.6%
own
51.6%
stand
51.6%
but
51.6%
seem
51.6%
seem
51.6%
far
51.6%
seem
51.6%
waiting,
51.6%
watching,
51.6%
doors
48.4%
into
48.4%
imagine
48.4%
down
48.4%
aisle.
48.4%
man
48.4%
make
48.4%
complete.
48.4%
still.
48.4%
forever,
48.4%
tomorrow
48.4%
easy
48.4%
should
48.4%
there
48.4%
then
48.4%
I'd
48.4%
into
48.4%
gone
45.2%
open.
45.2%
you'll
45.2%
meet.
45.2%
last
45.2%
answers
45.2%
win
45.2%
win.
45.2%
wrong
41.9%
turns
41.9%
somehow
41.9%
both
41.9%
10th
41.9%
waspish
41.9%
whitest
41.9%
upon
41.9%
perhaps
41.9%
one
41.9%
troubles
41.9%
10th
41.9%
lonely.
41.9%
somehow
41.9%
found
41.9%
first
41.9%
disaster,
41.9%
have
41.9%
if
41.9%
lillies
38.7%
tumble
38.7%
street.
38.7%
float
38.7%
altar,
38.7%
once.
38.7%
dying
38.7%
world
38.7%
ground
38.7%
walked
38.7%
tidiest
35.5%
out
35.5%
knowing,
35.5%
gave
35.5%
out
35.5%
him
35.5%
cousins
32.3%
colleagues
32.3%
who'll
32.3%
Standing
32.3%
Cause
32.3%
Josh
32.3%
much
29%
calla
25.8%
amazed
25.8%
amazed
25.8%
lift
25.8%
dappled
22.6%
stagger
22.6%
west
22.6%
Oren's
22.6%
She'd
22.6%
faster
22.6%
wife.
19.4%
ditched
19.4%
Where
12.9%
Quiz Playlist
Details
Report
Send in Message
Add To Playlist
More Info:
Can you name all the lyrics to the song "Walking by a Wedding" from If/Then the Musical as sung by Idina Menzel and cast?
Classic:
Type in answers that appear in a list
Last Updated: Feb 16, 2017
Quiz Scoreboard
CHALLENGE
Sign Up to Join the Scoreboard
Show All
Scores
Hide
Comments
May contain spoilers
Recently Published
1-10 Letter E Words III
by El_Dandy
Language
2m
Street Fighter Characters
by Artimus82
Gaming
60s
College Basketball Coaching Resumes
by pancakes188
Sports
9m
More to Explore
Quiz From the Vault
Featured Blog Post
Where Did the Easter Bunny Come From?
hide this ad
You Might Also Like...
Tags
Broadway Quiz
Lyrics Quiz
Musical Quiz
Broadway Lyrics
Broadway Musicals
Figure Out the Lyrics
Idina Menzel
Missing Lyrics
Musical Songs
Musical Theater
Original Lyrics
Today's Top Quizzes in Entertainment
Browse Entertainment
hide this ad
Today's Top Quizzes in Broadway
Browse Broadway
Top Contributed Quizzes in Entertainment
1
7-to-1: DC Comics Villains
2
Marvel Characters Bunker
3
Dragon Ball Z: Goku's Fights in Order
4
Eurovision 2023 Logic Puzzle
5
Sorting Pictures: Villains
6
Criteria Quickie: Cartoon Taxonomy II
7
7-to-1: One Piece
8
Mini Trivia Sudoku: Musicals
9
One Piece Characters Order of Appearance
10
Click the Cartoon Scott
Explore More
Trending Topics
Disney
Kpop
Crossword
Marvel
NBA
Harry Potter
Anime
Song
NFL
Pokémon
Country
The Office
WWE
Soccer
Puzzle
hide this ad
More By:
IdinaFanzel
Quiz
Plays
Rating
Category
Featured
Created
I'm the Greatest Star - Funny Girl Lyrics
276
3.00
Entertainment
Jun 19, 2016
Vanilla Ice Cream Lyrics - She Loves Me the Musical
150
Entertainment
Jun 30, 2016
What the F*ck? - If/Then the Musical Lyrics
131
1.00
Entertainment
Jul 28, 2016
Always Starting Over - If/Then the Musical Lyrics
119
Entertainment
Jul 28, 2016
Learn to Live Without - If/Then the Musical Lyrics
104
4.00
Entertainment
Jun 26, 2016
Go to Creator's Profile
Score Distribution
Quiz Creator Spotlight
IdinaFanzel
Follow
Send a Message
Quizzes Created
-
Created Quiz Play Count
-
More By This Creator
Popular Quizzes Today
1
Find the US States - No Outlines Minefield
2
Find the Countries of Europe - No Outlines Minefield
3
The Countries of the World
4
Find the US States
5
Risky Map Clicking: Biggest States A-Z
6
US States
7
Popular People in 1961
8
Movies - When Are They Set?
More Entertainment Quizzes
🎤 Missing Lyrics 4: A Decade of Anime (2010-2019)
Quiz Lab
Trending Quizzes
Risky Map Clicking: Least Populous States A-Z
1-10 Letter G Words
1-10 Letter F Words
Countries of the World: 200 Million BC
Risky Map Clicking: Next State Alphabetically
Recently Updated
Most Oscar Losses (Acting)
pecheneg
Beyoncé Albums
pecheneg
Leaping Animals
pecheneg
Reality TV Shows (A-Z)
bhenderson79
Rickey Henderson's Hall of Fame Teammates
pecheneg
Champions League XIs: Arsenal
pecheneg
Quick Pick: Celebrities in WWE's Hall of Fame
aduchscher
A-Z Keypad Blitz II
pecheneg
Multiple Oscar Actors
pecheneg
Mystery Phrase Blitz: Oscar 'Best Actors'
pecheneg
Trending Topics
Disney
Crossword
Anime
Marvel
Kpop
Harry Potter
NBA
Song
Soccer
WWE
Puzzle
Country
The Office
NFL
Pokémon
Your Account Isn't Verified!
In order to create a playlist on Sporcle, you need to verify the email address you used during registration. Go to your
Sporcle Settings
to finish the process.
Report this User
Report this user for behavior that violates our
Community Guidelines
.
Details:
Send Report
Go to the Sporcle.com Mobile Site →
Comments